1493 1272 1862 1269 1059 1133 1768 1979 1963 1956 1591 1574 1858 1255 1711 1649 1980 1449 1507 1361 1534 1674 1782 1547 1867 1557 1168 1083 1881 1555 1378 1796 1125 1198 1963 1198 1053 1799 1524 1580 1848 1849 1267 1041 1271 1741 1802 1007 1782 1558 1766 1240 1629 1654 1384 1544 1370 1248 1324 1786 1887 1245 1063 1615 1458 1589 1930 1042 1868 1711 1931 1484 1647 1938 1021 1566 1250 1596 1063 1158 1384 1746 1576 1872 1485 1696 1837 1715 1912 1454 1376 1841 1831 1940 1649 1416 1845 1346 1950 BCNSPRNW ULIB Ver.6.0+V

เปลี่ยนเป็นภาษาไทย

Change to English
 แสดงรายละเอียดบรรณานุกรม
  กลับหน้าหลัก

Brief Record : Get Marc (ISO 2709) : E-mail record : QR code < ปิดหน้าต่าง
LEADER : 00000nam 2200000uu 4500
001    13399127194
003     ULIB
008    191021s2561||||th 000 0 tha d
020 ^- ^a9786160622580
050 ^- ^aนว.^bร442บ
100 ^- ^aราตรีนิมิต.
245 10 ^aบุพเพรักร้อยลิขิต /^cราตรีนิมิต.
250 ^- ^aพิมพ์ครั้งที่ 1.
260 ^- ^aกรุงเทพฯ :^bแจ่มใส พับลิชชิ่ง,^c2561
300 ^- ^a450 หน้า.
945    ^p319^l0^i27886
999    ^aกัณชพร จุลอักษร
รายการนี้ยังไม่มีแท็ก
คุณยังไม่ได้ล็อกอิน คุณสามารถมีกิจกรรมร่วมกับเว็บไซต์ได้ แต่ต้องล็อกอินก่อน ::
  ล็อกอิน

รายการสื่อสารสนเทศ

ลำดับที่ ประเภท เลขเรียก/บาร์โค้ด สถานที่ สถานะ
1. วิทยาศาสตร์การแพทย์ และสุขภาพ
วิทยาศาสตร์การแพทย์ และสุขภาพ
นว. ร442บ ฉ.1 
  Barcode: 27886
ห้องสมุดวิทยาเขตนครสวรรค์
►นวนิยาย:l:Fiction
บนชั้น

รายการใกล้เคียง
    ผู้แต่ง [ราตรีนิมิต.]

BibComment


ยังไม่เคยถูกคอมเมนท์

คอมเมนท์ทรัพยากรรายการนี้
  คอมเมนท์: บุพเพรักร้อยลิขิ..


 Copyright 2026. Bcnsprnw @Library